000 01246nam a2200313 a 4500
001 ebr10428134
003 CaPaEBR
006 m u
007 cr cn|||||||||
008 101130t20041981enka sb 001 0 eng d
020 _z9781855751194
020 _z9781849401845 (e-book)
040 _aCaPaEBR
_cCaPaEBR
035 _a(OCoLC)694146856
050 1 4 _aRC488
_b.A33 2004eb
100 1 _aAgazarian, Yvonne M.
245 1 4 _aThe visible and invisible group
_h[electronic resource] :
_btwo perspectives on group psychotherapy and group process /
_cYvonne M. Agazarian, Richard Peters.
260 _aLondon :
_bKarnac,
_c2004, c1981.
300 _ax, 292 p. :
_bill.
504 _aIncludes bibliographical references and index.
533 _aElectronic reproduction.
_bPalo Alto, Calif. :
_cebrary,
_d2010.
_nAvailable via World Wide Web.
_nAccess may be limited to ebrary affiliated libraries.
650 0 _aGroup psychotherapy.
650 0 _aGroup psychoanalysis.
650 0 _aSmall groups.
655 7 _aElectronic books.
_2local
700 1 _aPeters, Richard.
710 2 _aebrary, Inc.
856 4 0 _uhttp://site.ebrary.com/lib/rucke/Doc?id=10428134
_zAn electronic book accessible through the World Wide Web; click to view
999 _c143662
_d143662